Vzájomné vzťahy a pôsobenie literatúr /Rec. knihy D.Ďurišina:"Teorija sravniteľnogo izučenija literatury

Bibliographic Details
Main Author: Obdullabekovová, Gjuľar (Author)
Format: Article
Language:Slovak
Subjects:

MARC

LEADER 00000nab a2200000 a 4500
001 vtls000219152
003 SK-MaSNL
005 20260302204338.0
008 131118c1985 xo 0 slo
015 |a SNBRB19rr/mm-uuuuu 
035 |a CL0229266 
040 |a SNKBUCL  |b slo  |c SNKBUCL  |e AACR2 
041 0 |a slo 
044 |a xo  |c SK 
080 |a 82.091(048)  |2 1981 
100 1 |a Obdullabekovová, Gjuľar  |4 aut  |9 928756 
245 1 0 |a Vzájomné vzťahy a pôsobenie literatúr  |b /Rec. knihy D.Ďurišina:"Teorija sravniteľnogo izučenija literatury  |c Gjuľar Obdullabekovová ; Gjuľar Abdullabek, Antónia Jasenová, Dionýz Ďurišin 
500 |a Prevzaté z časopisu Kitallar aleminde. 
650 0 7 |a literárna komparatistika  |2 snkbucl  |9 62017 
650 0 7 |a spoločenstvá medziliterárne  |2 snkbucl  |9 925801 
655 7 |a články z novín a časopisov  |2 snkbucl  |9 267496 
655 7 |a články z odboru literárna veda a krásna literatúra  |2 snkbucl  |9 770045 
773 0 |t Romboid  |g Roč. 20, č. 6 (1985), s. 64-66 
850 |a Slovenská národná knižnica v Martine  |a MTA001 
852 |a SNK  |b KIS3GCP 
958 |a RK 
958 |a LX 
958 |a SU 
992 |a RBX 
999 |c 1472995  |d 1474925